[Event "Portugal Open 2019"]
[Site "Lisbon"]
[Date "2019.02.03"]
[Round "3.16"]
[White "Yankelevich, Lev"]
[Black "Pietruszewski, Marcin"]
[Result "1-0"]
[WhiteElo "2445"]
[BlackElo "2226"]
[Annotator "TA"]
[PlyCount "67"]
[EventDate "2019.01.25"]
[EventType "swiss"]
[EventCountry "POR"]
[SourceTitle "playchess.com"]
[Source "ChessBase"]
[SourceQuality "1"]

{[%evp 9,67,23,59,52,99,116,175,179,158,85,83,60,63,47,86,85,90,72,89,82,115,60,60,51,192,178,195,127,152,160,137,98,103,65,64,77,81,26,41,0,41,59,26,26,78,50,153,40,298,146,459,453,438,430,468,467,1387,1338,1306,1214]} 1. d4 (1. Nf3 d5 2. d4 Nf6 3. c4 {1-0 (40) Gelfand,B (2695)-Artemiev,V (2704) Poikovsky 2018}) 1... Nf6 $146 ({Predecessor:} 1... d5 2. Nf3 Nf6 3. c4 {1-0 (31) Thakoerdien,J (2118)-Karagiannis,T (1720) Aghios Kirykos 2011}) 2. c4 c6 3. Nf3 d5 4. Nc3 a6 5. Qc2 Bg4 (5... g6 6. Bg5 Be6 7. e4 dxe4 8. Nxe4 Nbd7 9. Nxf6+ exf6 10. Bd2 Bg7 11. Be2 O-O 12. O-O Bf5 13. Qb3 {1-0 (40) Gelfand,B (2695)-Artemiev,V (2704) Poikovsky 2018}) 6. Ne5 {D15: Slav Defence: 4 Nc3 a6 and gambit lines after 4 Nc3 dxc4} Bh5 7. Qb3 ({Predecessor:} 7. Bf4 e6 8. h3 Bg6 9. Nxg6 hxg6 10. e3 Bd6 11. Bg5 Nbd7 12. Rd1 Be7 13. Bf4 {1-0 (31) Thakoerdien,J (2118)-Karagiannis,T (1720) Aghios Kirykos 2011}) 7... Ra7 (7... b5 $16) 8. cxd5 $18 {White is clearly better.} cxd5 9. Bf4 (9. f3 $142) 9... Nc6 $16 10. e3 e6 11. Bd3 Nd7 12. Nxc6 bxc6 13. Qa4 Qb6 14. O-O c5 15. dxc5 ({Better is} 15. Rfc1 $16) 15... Bxc5 $14 16. Qc2 Ke7 (16... Qd8 $14) 17. Na4 Qa5 18. Rfc1 (18. Bxh7 e5 $14) (18. a3 $18 {aiming for b4.} Bd6 19. Bxd6+ Kxd6 20. b4) 18... Bd6 19. Bxd6+ Kxd6 20. b3 (20. Bxh7 g6 $17) 20... Rb8 21. e4 Ke7 22. exd5 Qxd5 23. Be4 (23. Bxh7 g6 $11) ({White should try} 23. Bc4 $16 Qg5 24. Qxh7) 23... Qd4 24. h3 ({Much weaker is} 24. Bxh7 g6 $15) 24... Rb4 (24... Nf6 $5 {[%cal Rf6e4]} 25. Bd3 (25. Bxh7 $2 Nxh7 26. Re1 Nf6 $19) 25... Rd8 $11) 25. Bd3 a5 26. Re1 $36 {[%mdl 2048] White is more active.} Qd6 (26... Nf6 $1 $11 {remains equal.}) 27. Bc4 Rc7 {[#]} (27... Nf6 $14) 28. Nc3 ({Reject} 28. Qxh7 $6 Nf6 $11) (28. Qf5 $1 $16 {[%cal Rf5h5]} Nf6 29. Qxa5) 28... Ne5 $2 {[%mdl 8192]} (28... Nf6 $1 $14) 29. Qxh7 (29. Qe4 $18 {is more deadly.} Nxc4 30. Nd5+ {[%mdl 64] Double Attack} Kd7 31. Nxc7) 29... g6 $2 {[%mdl 8192]} (29... Nxc4 $16 30. Qxh5 Rc5 31. Qh4+ g5) 30. Nb5 $18 {White is clearly winning.} Rxb5 31. Bxb5 Rc2 32. Qh6 f6 (32... Qb6 $142 33. Qe3 (33. Qf4 $2 Nf3+ {[%mdl 64] Double Attack} 34. Kh1 Nxe1 $19) 33... Qxe3 34. Rxe3 Rc5) 33. Qg7+ Nf7 34. Bc4 {Accuracy: White = 34%, Black = 23%.} 1-0

[Event "Portugal Open 2019"]
[Site "Lisbon"]
[Date "2019.02.03"]
[Round "3.17"]
[White "Li, Xueyi"]
[Black "Damaso, Rui"]
[Result "1/2-1/2"]
[WhiteElo "2217"]
[BlackElo "2439"]
[Annotator "TA"]
[PlyCount "23"]
[EventDate "2019.01.25"]
[EventType "swiss"]
[EventCountry "POR"]
[SourceTitle "playchess.com"]
[Source "ChessBase"]
[SourceQuality "1"]

{[%evp 11,23,13,17,11,22,21,30,31,34,0,26,0,26,0]} 1. d4 Nf6 2. c4 e6 3. g3 $146 (3. Nf3 d5 4. g3 dxc4 5. Bg2 Bb4+ 6. Bd2 {½-½ (27) Postny,E (2615)-Anand,V (2773) St Petersburg 2018}) ({Predecessor:} 3. Nf3 Nc6 4. g3 Bb4+ 5. Bd2 a5 6. Bg2 d5 7. Qc2 {½-½ (12) Farago,I (2476)-Rozentalis,E (2628) Bad Woerishofen 2010}) 3... d5 4. Bg2 Bb4+ 5. Bd2 a5 6. Nf3 dxc4 7. Qc2 {E04: Open Catalan: 5 Nf3} Nc6 (7... Bxd2+ 8. Qxd2 c6 9. Ne5 b5 10. a4 Ra6 11. Nc3 Bd7 12. Nxd7 Qxd7 13. axb5 cxb5 14. Qg5 O-O 15. Qxb5 Qxd4 {½-½ (27) Postny,E (2615)-Anand,V (2773) St Petersburg 2018}) 8. Qxc4 Qd5 9. Qd3 Qf5 10. Qc4 {[#] aiming for Nh4.} Qd5 11. Qd3 Qf5 12. Qc4 1/2-1/2

[Event "Portugal Open 2019"]
[Site "Lisbon"]
[Date "2019.02.03"]
[Round "3.18"]
[White "Jazdanovs, Aleksandrs"]
[Black "Korley, Kassa"]
[Result "0-1"]
[WhiteElo "2100"]
[BlackElo "2426"]
[Annotator "TA"]
[PlyCount "50"]
[EventDate "2019.01.25"]
[EventType "swiss"]
[EventCountry "POR"]
[SourceTitle "playchess.com"]
[Source "ChessBase"]
[SourceQuality "1"]

{[%evp 15,50,21,42,-5,0,-18,-17,-17,17,16,24,0,0,0,0,0,0,-20,-14,-64,-54,-68,-70,-64,-55,-56,-67,-72,-29,-46,-42,-62,-58,-79,-79,-731,-726]} 1. e4 c6 2. d4 d5 3. e5 Bf5 4. Nf3 e6 5. Be2 Ne7 $146 (5... c5 6. Be3 cxd4 7. Nxd4 Ne7 {½-½ (20) Karjakin,S (2753)-Dreev,A (2670) St Petersburg 2018}) ({Predecessor:} 5... c5 6. O-O Nc6 7. Be3 cxd4 8. Nxd4 {1-0 (33) Jensson,E (2372)-Edvardsson,K (2192) Runavik 2017}) 6. O-O c5 7. Be3 cxd4 8. Nxd4 Nbc6 9. f4 {B12: Caro-Kann: Advance Variation} (9. Bb5 a6 10. Bxc6+ Nxc6 11. Nxf5 exf5 12. c3 Be7 13. Nd2 Nxe5 14. Bd4 f6 15. Qb3 Qd7 16. Rfd1 Nc6 17. Nf1 Na5 18. Qc2 O-O 19. Rd3 f4 20. Rad1 Qf5 {½-½ (20) Karjakin,S (2753)-Dreev,A (2670) St Petersburg 2018}) 9... Nxd4 10. Bxd4 Nc6 11. c3 {The position is equal.} h5 12. Be3 ({Predecessor:} 12. Nd2 Be7 13. Bxh5 Nxd4 14. cxd4 Qb6 15. Nb3 a5 16. Bg4 Bxg4 17. Qxg4 {1-0 (33) Jensson,E (2372)-Edvardsson,K (2192) Runavik 2017}) 12... g6 13. Bd3 Bxd3 14. Qxd3 a6 15. Nd2 Ne7 16. Bc5 Nf5 17. Bxf8 (17. Bf2 {is more complex.} Be7 18. Nb3 Kf8 19. Nd4 Nxd4 20. Bxd4 Qc7 21. Qe3) 17... Kxf8 18. Nb3 Qb6+ 19. Nd4 Rc8 {[%cal Ba8c8,Bc8c4,Bc4e4,Be4e3][%mdl 32]} 20. Rf2 Nxd4 21. Qxd4 Qa5 22. a3 Rc4 23. Qe3 Re4 24. Qf3 Qb6 25. Rd1 $2 {[%mdl 8192] [#]} (25. Kf1 $17) 25... Re3 {Accuracy: White = 27%, Black = 77%.} 0-1

[Event "Portugal Open 2019"]
[Site "Lisbon"]
[Date "2019.02.03"]
[Round "3.19"]
[White "Andias, Joao Pedro Menezes"]
[Black "Campora, Daniel H."]
[Result "0-1"]
[WhiteElo "2039"]
[BlackElo "2419"]
[Annotator "TA"]
[PlyCount "86"]
[EventDate "2019.01.25"]
[EventType "swiss"]
[EventCountry "POR"]
[SourceTitle "playchess.com"]
[Source "ChessBase"]
[SourceQuality "1"]

{[%evp 11,86,8,14,0,37,9,8,10,38,28,43,37,103,73,93,35,74,30,34,27,19,21,37,29,65,48,49,0,7,0,127,68,120,106,166,171,168,141,107,0,0,0,0,0,0,0,92,0,0,-35,0,0,0,0,0,0,0,0,25,0,0,-201,-154,-370,-362,-358,-356,-347,-327,-1699,-1691,-29986,-29987,-29987,-29988,-29988,-29989]} 1. e4 e5 2. Nf3 Nc6 3. Bc4 Bc5 4. c3 (4. d3 Nf6 5. h3 d6 {½-½ (28) Wei,Y (2734)-Svidler,P (2727) Baku 2015}) 4... Nf6 5. d3 d6 6. h3 $146 ({Predecessor:} 6. Bb3 O-O 7. Bg5 h6 8. Bh4 Be6 9. Nbd2 Bb6 {1-0 (36) Saduakassova,D (2208)-Tracz,M (1690) Krakow 2011}) 6... O-O 7. Bg5 {C54: Giuoco Piano: 4 c3 Nf6, main lines with 5 d4 and 5 d3} Be6 (7... h6 8. Bh4 g5 9. Bg3 Nh5 10. Bh2 Qf6 11. Nbd2 Nf4 12. Bxf4 gxf4 13. Qe2 Kh8 14. O-O-O Rg8 {½-½ (28) Wei,Y (2734)-Svidler,P (2727) Baku 2015}) 8. Bb3 h6 {Hoping for ...Bxb3.} 9. Bh4 {The position is equal.} Bb6 10. Nbd2 Kh7 ({Predecessor:} 10... Qe7 11. Nc4 Na5 12. Nxa5 Bxa5 13. Bc2 c5 14. O-O Bd8 {1-0 (36) Saduakassova,D (2208)-Tracz,M (1690) Krakow 2011}) 11. g4 {Black must now prevent Bxe6.} g5 (11... Bxb3 $14 12. axb3 Qe7) 12. Bg3 Kg7 13. Nf1 ({White should play} 13. Bxe6 $16 {aiming for Bb3.} fxe6 14. h4) 13... Ne7 14. Ne3 Bxb3 15. Qxb3 Bxe3 16. fxe3 a5 17. O-O-O Ng6 18. Rdf1 Qe7 19. Qxb7 a4 $1 20. Nd2 Nd7 (20... Qe6 $1 $11 21. Qc6 (21. Qxc7 Rfc8 $17) 21... Qxa2) 21. d4 ({Reject} 21. Qxc7 $6 Rfc8 $11) ({White should try} 21. Qc6 $16) 21... a3 ({Better is} 21... Qe6 $14) 22. b3 $16 Rfb8 (22... Nf6 $16) 23. Qc6 $18 ({Don't do} 23. Qxc7 $6 Rc8 $11) 23... Ra7 24. h4 gxh4 25. Bxh4 (25. Be1 $16) 25... Nxh4 $11 {[#]} 26. Rxh4 $1 {[%mdl 512]} Qxh4 27. Qxd7 Rf8 28. Nc4 Qh2 (28... Qh3 $11 29. Qf5 Kg8) 29. Nd2 (29. g5 $1 $16 {[%cal Rg5g6] g6! is the strong threat.} h5 30. g6 {[%mdl 64] Decoy} Kxg6 31. Qf5+ Kh6 32. Qf6+ Kh7 33. Qf5+ Kh6 34. Qf6+ Kh7 35. Qf5+ Kh6) 29... Raa8 30. Qxc7 Rac8 31. Rxf7+ Rxf7 32. Qxc8 {[%mdl 4096] Endgame KQR-KQN} Qg1+ 33. Kc2 Qxe3 34. dxe5 dxe5 35. Qc6 Qg5 $36 {[%mdl 2048] Black fights for an advantage.} 36. Qc5 $2 (36. Qe6 $11 {and White is okay.}) 36... Rd7 $19 37. Nc4 $2 (37. Nf3 $17 {is the only way for White.} Qf4 38. Qxe5+ Qxe5 39. Nxe5) 37... Qxg4 {[%csl Gd7][%cal Rg4d1]} 38. Qxe5+ {[#]} Kh7 $1 {[%csl Gd7][%cal Rg4d1]} 39. Nd2 {[#]} ({But not} 39. Qf5+ $2 Qxf5 40. exf5 h5 $19) 39... Qg5 $1 {[%cal Rg5d2]} 40. Qh2 $2 (40. Qxg5 hxg5 41. b4) 40... Qe3 {( -> ...Qd3+)} 41. c4 Qd3+ {Black mates.} 42. Kc1 Qc3+ 43. Kd1 Qa1+ {[%mdl 64] Double Attack. Accuracy: White = 28%, Black = 46%.} 0-1

[Event "Portugal Open 2019"]
[Site "Lisbon"]
[Date "2019.02.03"]
[Round "3.20"]
[White "Alshameary Puente, Ismael"]
[Black "Carlsson, Ludvig"]
[Result "1-0"]
[WhiteElo "2418"]
[BlackElo "2217"]
[Annotator "TA"]
[PlyCount "77"]
[EventDate "2019.01.25"]
[EventType "swiss"]
[EventCountry "POR"]
[SourceTitle "playchess.com"]
[Source "ChessBase"]
[SourceQuality "1"]

{[%evp 17,77,37,40,43,70,60,62,68,55,26,45,43,53,32,63,60,55,22,62,65,68,35,83,72,94,77,89,113,204,216,278,208,289,206,263,250,299,314,302,206,378,378,368,376,378,370,377,331,510,511,525,508,802,775,899,882,966,940,3290,2607,1858,1522]} 1. d4 Nf6 2. c4 g6 $146 ({Predecessor:} 2... c5 3. d5 e6 4. Nc3 exd5 5. cxd5 d6 6. e4 g6 7. Nge2 Bg7 8. Ng3 O-O {0-1 (25) Wang,S (2342)-Lu,S (2636) Tianjin 2018}) 3. Nc3 Bg7 4. e4 d6 5. Nge2 O-O 6. Ng3 c5 7. d5 e6 8. Be2 exd5 9. cxd5 b6 10. O-O {A65: Modern Benoni: 6 e4} Na6 ({Predecessor:} 10... Re8 11. Bg5 a6 12. a4 Nbd7 13. Qd2 Bb7 14. h4 Qc7 15. Qf4 h5 16. Bh6 Bh8 17. Bg5 Nh7 {0-1 (25) Wang,S (2342)-Lu,S (2636) Tianjin 2018}) 11. Bg5 h6 12. Be3 {White is slightly better.} Nc7 13. a4 Re8 14. Qd2 Kh7 $1 15. f3 Bb7 {Black wants to play ...Nfxd5!} 16. Kh1 Qe7 17. Bc4 a6 18. Rae1 $36 {[%mdl 2048] Black is under pressure.} Qd7 19. Qd3 Rh8 20. Rb1 a5 21. Rbd1 Rae8 22. Nb5 Kg8 (22... Ra8 $16) 23. Bf4 $18 Bf8 24. Qc3 Bg7 25. Qb3 Bf8 26. Na3 h5 27. Qxb6 h4 28. Ne2 Ncxd5 $2 {[#]} (28... Bxd5 {was worth a try.} 29. Nc3 (29. exd5 Rxe2 30. Qxa5 Re8 $16) (29. Qxa5 Bxc4 30. Nxc4 Nfd5 $18) 29... Bxc4 30. Nxc4 Re6 31. Qxa5 Qc6) 29. exd5 Rxe2 30. Bxe2 Nxd5 31. Rxd5 Bxd5 32. Bc4 h3 (32... Bxc4 {might work better.} 33. Nxc4 h3) 33. Bxd5 {White is clearly winning.} hxg2+ 34. Kxg2 Rh4 (34... Qh3+ $142 35. Kg1 Qf5 36. Bxf7+ Qxf7 37. Bxd6 Qf6 38. Qb3+ Kh7 39. Bxf8 Rxf8) 35. Bg3 Qh3+ 36. Kg1 Rb4 37. Qc7 Bg7 38. Qxf7+ {[%mdl 64] [#] Double Attack} Kh7 39. Nc2 {Accuracy: White = 68%, Black = 23%.} 1-0

[Event "Portugal Open 2019"]
[Site "Lisbon"]
[Date "2019.02.03"]
[Round "3.21"]
[White "Jorge, Rita Maria Osorio"]
[Black "Rajesh, V A V"]
[Result "0-1"]
[WhiteElo "1902"]
[BlackElo "2406"]
[Annotator "TA"]
[PlyCount "118"]
[EventDate "2019.01.25"]
[EventType "swiss"]
[EventCountry "POR"]
[SourceTitle "playchess.com"]
[Source "ChessBase"]
[SourceQuality "1"]

{[%evp 17,118,25,53,45,55,40,61,31,38,29,41,22,29,24,48,12,31,6,12,11,14,0,10,0,0,0,0,-7,0,-60,-49,-83,-72,-75,-76,-99,-73,-64,-84,-74,-68,-137,-108,-107,-107,-103,-74,-70,0,0,-5,-99,-51,-51,-43,-87,-39,-42,-35,-37,-41,-43,-26,-35,0,-179,-179,-198,-198,-200,-131,-141,-141,-142,-147,-154,-132,-143,-130,-152,-154,-171,-171,-172,-172,-491,-422,-5816,-6047,-29964,-29967,-5214,-1860,-1096,-900,-793,-793,-29992,-29993,-29993,-29994,-29994,-29995]} 1. e4 e5 2. Nf3 Nc6 3. Bb5 a6 4. Ba4 d6 5. c3 Bd7 (5... Nf6 6. d4 Bd7 7. Nbd2 g6 8. O-O Qe7 9. Re1 {1-0 (60) Tari,A (2485)-Lokander,M (2365) Stockholm 2015}) 6. O-O $146 ({Predecessor:} 6. d4 Nf6 7. Nbd2 g6 8. O-O Bg7 {1-0 (32) Gaffagan,S (2094)-Maser,T (1993) San Francisco 2013}) 6... g6 7. d4 Bg7 8. Re1 Nf6 9. Nbd2 Qe7 10. d5 {C79: Ruy Lopez: Steinitz-type lines with 3...a6 4 Ba4 Nf6 5 0-0 d6} (10. Nf1 O-O 11. h3 Rfe8 12. Bc2 Rad8 13. d5 Nb8 14. Bg5 h6 15. Be3 Nh5 16. Qd2 Kh7 17. g4 Qf6 18. Ng5+ hxg5 19. Bxg5 Qxg5 20. Qxg5 {1-0 (60) Tari,A (2485)-Lokander,M (2365) Stockholm 2015}) 10... Nb8 11. Bc2 O-O 12. Nf1 {White is slightly better.} ({Predecessor:} 12. b4 Nh5 13. Nb3 Bg4 14. h3 Bxf3 15. Qxf3 Qh4 16. Qg4 Qxg4 17. hxg4 Nf6 {1-0 (32) Gaffagan,S (2094)-Maser,T (1993) San Francisco 2013}) 12... Nh5 13. Ng3 Nf4 14. Bxf4 exf4 15. Ne2 Be5 16. Qd3 a5 17. a4 Na6 18. Ned4 Nc5 19. Qe2 Rfe8 20. Nb5 Bg4 21. h3 Bh5 22. Ra3 Qd8 23. b4 ({White should try} 23. Nbd4 $11) 23... Na6 24. Rb3 c6 25. dxc6 bxc6 26. Na3 axb4 27. cxb4 c5 28. b5 Nb4 29. Nc4 (29. Qd2 $15) 29... Rxa4 {aiming for ...Ra2.} 30. Ncxe5 dxe5 31. Rc3 Ra2 32. Qc4 {Threatens to win with Bb3.} Bxf3 ({Black should play} 32... Rxc2 $15 33. Rxc2 Nxc2 34. Qxc2 Bxf3 35. gxf3 Qb6) 33. Bb3 $11 Ra7 {And now ...Qd2 would win.} 34. gxf3 (34. Qxc5 $11 {remains equal.} Qd4 35. Qxd4 exd4 36. Rxf3) 34... Qb6 35. Rd1 Rc7 36. Qe2 Ra8 37. Bc4 Rca7 38. Qb2 Qf6 39. Rcc1 Rb8 40. Ra1 Re7 41. Rd2 $2 {[#]} (41. Qc3 $11) 41... Nc6 $1 $36 {[%mdl 2560] Black is in control.} 42. Rd5 (42. bxc6 Rxb2) 42... Nd4 43. Qc3 Nxb5 44. Bxb5 Rxb5 45. Rxc5 Rb6 46. Rc7 Rxc7 47. Qxc7 $17 {[%mdl 4096] Endgame KQR-KQR} Rc6 48. Qb8+ Kg7 49. Ra8 {[%csl Ga8][%cal Rb8f8]} Kh6 50. Qf8+ Kh5 51. Ra1 $2 (51. Qd8 {is more resistant.}) 51... Rc2 52. Qe8 (52. Rf1 $142 Rc3 53. Kg2) 52... Qg5+ $19 53. Kf1 Qh4 {[%csl Gc2][%cal Rh4f2][%mdl 64] Double Attack} 54. Qxe5+ Kh6 (54... g5 $142 55. Qd4 Qxh3+ {[%mdl 64] Double Attack} 56. Kg1 Qxf3) 55. Qd4 Qxh3+ {[%mdl 64] Double Attack} 56. Kg1 Qxf3 {( -> ...Qg4+)} 57. Rf1 Qg4+ {Black mates.} 58. Kh2 f3 {[%csl Gf3][%cal Rg4g2]} 59. Qe3+ Kh5 {Accuracy: White = 40%, Black = 49%.} 0-1

[Event "Portugal Open 2019"]
[Site "Lisbon"]
[Date "2019.02.03"]
[Round "3.22"]
[White "Haug, Johannes"]
[Black "Sousa, Ludy Helsio Paulo"]
[Result "0-1"]
[WhiteElo "2403"]
[BlackElo "2169"]
[Annotator "RC"]
[PlyCount "94"]
[EventDate "2019.01.25"]
[EventType "swiss"]
[EventCountry "POR"]
[SourceTitle "playchess.com"]
[Source "ChessBase"]
[SourceQuality "1"]
[TimeControl "5400+30"]

1. d4 {[%emt 0:00:00]} Nf6 {[%emt 0:00:14]} 2. c4 {[%emt 0:00:00]} g6 {[%emt 0:01:07]} 3. g3 {[%emt 0:00:51]} Bg7 {[%emt 0:00:10]} 4. Bg2 {[%emt 0:00:08]} d6 {[%emt 0:00:15]} 5. Nf3 {[%emt 0:00:07]} O-O {[%emt 0:00:08]} 6. O-O {[%emt 0:00:10]} Nbd7 {[%emt 0:00:32]} 7. Nc3 {[%emt 0:00:08]} e5 {[%emt 0:00:03]} 8. b3 {[%emt 0:00:04]} Re8 {[%emt 0:00:48]} 9. e4 {[%emt 0:02:06]} exd4 {[%emt 0:00:27]} 10. Nxd4 {[%emt 0:00:29]} Nc5 {[%emt 0:00:35]} 11. f3 {[%emt 0:02:21]} a5 {[%emt 0:00:20]} 12. Be3 {[%emt 0:01:43]} h6 {[%emt 0:03:39]} 13. Qd2 {[%emt 0:01:31]} Kh7 {[%emt 0:00:24]} 14. Rad1 {[%emt 0:01:57]} Nfd7 {[%emt 0:04:09]} 15. h3 {[%emt 0:04:37]} c6 {[%emt 0:08:59]} 16. Rfe1 {[%emt 0:08:54]} Qb6 {[%emt 0:11:18]} 17. f4 {[%emt 0:07:10]} a4 {[%emt 0:04:57]} 18. Rb1 {[%emt 0:17:07]} axb3 {[%emt 0:02:58]} 19. axb3 {[%emt 0:01:04]} Qb4 {[%emt 0:00:54]} 20. e5 {[%emt 0:13:46]} dxe5 {[%emt 0:19:10]} 21. Nc2 {[%emt 0:00:14]} Qb6 {[%emt 0:00:20]} 22. f5 {[%emt 0:10:44]} Qc7 {[%emt 0:02:28]} 23. b4 {[%emt 0:03:15]} Na4 {[%emt 0:04:15]} 24. fxg6+ {[%emt 0:04:57]} fxg6 {[%emt 0:00:12]} 25. Ne4 {[%emt 0:00:05]} Ndb6 {[%emt 0:01:44]} 26. Na3 {[%emt 0:04:23]} Be6 {[%emt 0:00:20]} 27. Qc2 {[%emt 0:00:33]} Nd7 {[%emt 0:11:51]} 28. Red1 {[%emt 0:03:22]} Nf8 {[%emt 0:05:59]} 29. Ra1 {[%emt 0:01:30]} Nb6 {[%emt 0:00:38]} 30. Bc5 {[%emt 0:02:25]} Red8 {[%emt 0:03:44]} 31. Rf1 {[%emt 0:04:04]} Kh8 {[%emt 0:05:03]} 32. g4 {[%emt 0:01:52]} Bg8 {[%emt 0:00:13]} 33. Be3 {[%emt 0:02:23]} Ne6 {[%emt 0:00:20]} 34. Qf2 {[%emt 0:01:38]} Nd4 {[%emt 0:00:47]} 35. Qh4 {[%emt 0:00:16]} Ne2+ {[%emt 0:00:52]} 36. Kh1 {[%emt 0:01:16]} Nf4 {[%emt 0:00:20]} 37. Bf3 {[%emt 0:00:21]} Nxc4 {[%emt 0:00:25]} 38. Nxc4 {[%emt 0:00:05]} Bxc4 {[%emt 0:00:23]} 39. Rxa8 {[%emt 0:00:15]} Rxa8 {[%emt 0:00:06]} 40. Rd1 {[%emt 0:00:02]} Bd5 {[%emt 0:01:22]} 41. b5 {[%emt 0:01:29]} Ra3 {[%emt 0:00:15]} 42. Qf2 {[%emt 0:00:01]} Nxh3 {[%emt 0:00:42]} 43. Qd2 {[%emt 0:00:02]} Qf7 {[%emt 0:03:33]} 44. Bg2 {[%emt 0:01:29]} Ra2 {[%emt 0:00:34]} 45. Qd3 {[%emt 0:00:02]} Nf4 {[%emt 0:01:08]} 46. Bxf4 {[%emt 0:00:13]} Qxf4 {[%emt 0:00:24]} 47. Rf1 {[%emt 0:01:49]} Qxg4 {[%emt 0:00:47]} 0-1

[Event "Portugal Open 2019"]
[Site "Lisbon"]
[Date "2019.02.03"]
[Round "3.23"]
[White "Kaasen, Tor Fredrik"]
[Black "Terryn, Ezra"]
[Result "1-0"]
[WhiteElo "2387"]
[BlackElo "2116"]
[Annotator "TA"]
[PlyCount "113"]
[EventDate "2019.01.25"]
[EventType "swiss"]
[EventCountry "POR"]
[SourceTitle "playchess.com"]
[Source "ChessBase"]
[SourceQuality "1"]

{[%evp 14,113,13,20,39,23,20,29,53,27,27,19,38,24,71,71,71,68,75,70,67,57,60,33,33,33,39,17,24,18,35,33,29,29,42,21,45,0,52,49,108,40,26,25,92,96,143,135,206,229,210,215,219,217,213,194,241,247,269,159,570,570,570,568,513,505,698,696,679,533,673,667,1081,1002,2054,1770,29969,29970,29965,29966,29975,29977,29977,29978,29977,29979,29979,29980,29980,29981,29981,29982,29982,29983,29983,29983,29983,29984,29984,29985,29985,29985]} 1. c4 e5 2. Nc3 Nf6 3. Nf3 Nc6 4. e3 d5 5. cxd5 Nxd5 6. Bb5 Nxc3 7. bxc3 Bd7 8. d4 {LiveBook: 6 Games} e4 {A28: English Opening: Four Knights Variation} (8... Bd6 9. O-O O-O 10. Bxc6 Bxc6 11. dxe5 Bxf3 12. Qxf3 Bxe5 13. Ba3 c5 14. Bxc5 Bxh2+ 15. Kxh2 Qc7+ 16. Kg1 Qxc5 17. Qxb7 {½-½ (55) Shariyazdanov,A (2572)-Khismatullin,D (2674) Khanty-Mansiysk 2013}) 9. Nd2 Qg5 10. Bf1 Qg6 {White has an edge.} 11. Qb3 Bd6 $146 ({Predecessor:} 11... Be7 12. Ba3 b6 13. Nc4 Be6 14. Bxe7 Nxe7 15. Qb5+ c6 16. Qb4 Bxc4 17. Qxc4 {1-0 (38) Mastrovasilis,A (2335)-Darmarakis,M (2110) Athens 1997}) 12. Nc4 b6 13. Nxd6+ Qxd6 14. Ba3 Na5 15. Bxd6 Nxb3 16. axb3 cxd6 17. Ba6 {Black must now prevent Bb7.} Rb8 18. Bc4 a5 19. Bd5 Be6 20. Bc6+ Ke7 21. c4 Rhc8 22. Bxe4 b5 $1 23. d5 $36 {[%mdl 2048] White is pushing.} (23. Bxh7 g6 $17) 23... Bd7 24. Bd3 (24. Bxh7 g6 $17) 24... a4 25. bxa4 bxc4 (25... bxa4 $11 26. Ke2 Rb2+ 27. Kf3 Rcb8) 26. Bc2 $1 $14 Rb2 {[#]} (26... Rc5 $14) 27. Kd1 ({White should try} 27. Kd2 $1 $16) 27... Ra8 28. Kc1 {[#]} c3 (28... Rb5 $1 $11 {[%mdl 512] keeps the balance.}) 29. Rd1 $16 Rb4 30. Rd3 Bxa4 (30... Rh4 $16 {was necessary.}) 31. Rxc3 $18 Bc6 32. Rxa8 ({Don't take} 32. dxc6 Rxa1+ 33. Kd2 Rb8 $16) 32... Bxa8 {[%mdl 4096] Endgame KRB-KRB} 33. Rc7+ ({Worse is} 33. Bxh7 Bxd5 34. g3 g6 $15) 33... Kf6 34. e4 ({And not} 34. Bxh7 g6 $15) 34... Bb7 35. Kd2 Ba6 36. Kc3 (36. f4 $18) 36... Rb6 $2 (36... Rb7 $16 {is a better chance.} 37. Rxb7 Bxb7) 37. Rc6 Rxc6+ 38. dxc6 {KB-KB} Ke5 {If only Black now had time for ...d5....} 39. Kb4 d5 40. Ka5 Bc8 41. exd5 Kxd5 42. Kb6 Kd6 43. Bxh7 g6 44. Bg8 Ke7 45. Kc7 {White mates.} Ba6 46. Kb8 Kf8 {[#]} 47. Bxf7 $1 {[%mdl 512]} Kxf7 {KB-KP} 48. c7 Kf6 49. c8=Q Bxc8 50. Kxc8 {KP-KP} g5 51. Kd7 Kf5 52. Ke7 Ke5 53. Kf7 Kf5 54. Kg7 Kg4 55. Kg6 Kf4 56. g3+ Kg4 57. h3+ {Precision: White = 84%, Black = 27%.} 1-0